| 000 | 00753nam a22002417a 4500 | ||
|---|---|---|---|
| 999 |
_c8203 _d8203 |
||
| 003 | AR-CdUCM | ||
| 008 | 190322b ||||| |||| 00| 0 spa d | ||
| 020 | _a968 888 153-8 | ||
| 040 |
_aMUNICIPALIDAD PROVINCIAL DEL CUSCO _cBIBLIOTECA MUNICIPAL DEL CUSCO |
||
| 041 | _hspa | ||
| 082 |
_a323.443 / _bL54 |
||
| 100 |
_aLevy, Leonard Williams _923119 |
||
| 245 | _aSurgimiento de una prensa libre / | ||
| 260 |
_aMéxico, D.F : _bPrisma, _c1987. |
||
| 300 |
_a401 páginas ; _c23 cm. |
||
| 505 | _aContenido : Libertad de expresión y prensa en los orígenes de la historia americana | ||
| 650 |
_aPrensa _919488 |
||
| 650 |
_aHistoria _9246 |
||
| 650 |
_aPeriodismo _91929 |
||
| 856 | _fFlavio Ramirez | ||
| 942 |
_2ddc _cLIBROS |
||
| 945 | _admma | ||